000 00294nam a22001337a 4500
008 170923b xxu||||| |||| 00| 0 eng d
020 _a9781854373120
041 _aeng
080 _a37
100 _a46
101 _aEDU
245 _aTATE MODERN THE HANDBOOK
_cBLAZWICK, I
942 _2udc
_cBK
999 _c29395
_d29395